UBT Library

STRUCTURED READING (Record no. 59270)

000 -LEADER
fixed length control field 00322nam a22001457a 4500
008 - FIXED-LENGTH DATA ELEMENTS--GENERAL INFORMATION
fixed length control field 230124b ||||| |||| 00| 0 eng d
020 ## - INTERNATIONAL STANDARD BOOK NUMBER
International Standard Book Number 9780205244676
041 ## - LANGUAGE CODE
Language code of text/sound track or separate title eng
080 ## - UNIVERSAL DECIMAL CLASSIFICATION NUMBER
Edition identifier EIGHTH EDITION
Universal Decimal Classification number 7
082 ## - DEWEY DECIMAL CLASSIFICATION NUMBER
Classification number 7QUI
100 ## - Rafti
Rafti 19
101 ## - Shkurtesa
Shkurtesa ART
245 ## - TITLE STATEMENT
Title STRUCTURED READING
Statement of responsibility, etc QUITMAN L
942 ## - ADDED ENTRY ELEMENTS (KOHA)
Source of classification or shelving scheme
Item type Books
Holdings
Withdrawn status Lost status Source of classification or shelving scheme Damaged status Not for loan Collection code Permanent location Current location Date acquired Total Checkouts Full call number Barcode Date last seen Price effective from Koha item type
          Koleksioni i përgjithshem UBT - Lipjan UBT - Lipjan 01/24/2023   7QUI 003-51 01/24/2023 01/24/2023 Books
          Koleksioni i përgjithshem UBT - Lipjan UBT - Lipjan 02/21/2023   7QUI 003-321 02/21/2023 02/21/2023 Books
          Koleksioni i përgjithshem UBT - Lipjan UBT - Lipjan 02/21/2023   7QUI 003-322 02/21/2023 02/21/2023 Books
          Koleksioni i përgjithshem UBT - Lipjan UBT - Lipjan 04/14/2023   7QUI 002-80006015 04/14/2023 04/14/2023 Books
UBT Library © 2015-2024. All rights reserved University Education for Business and Technology